| 000 | 00487cam a2200181ua 4500 | ||
|---|---|---|---|
| 001 | 178 | ||
| 008 | 121015n ii |||gr||||Z||||||eng | ||
| 040 | _cMAIN | ||
| 082 | _a305.5122 | ||
| 245 | _aClimate change and tribal sutainable living: responses from the northeast. | ||
| 250 |
_a1st. / _bEdited by Walter Fernandes. |
||
| 260 |
_aGowahati.: _bNESRC, _c2001. |
||
| 300 | _a150 p.:5 cm. | ||
| 653 | _aSociology. | ||
| 653 | _aClimate change. | ||
| 653 | _aTribal living | ||
| 942 | _cBK | ||
| 999 |
_c160 _d160 |
||